| 000 | 00492nam a22001817a 4500 | ||
|---|---|---|---|
| 005 | 20171013160142.0 | ||
| 010 | _aENG-120859 | ||
| 020 |
_a9788170493945 _c495.00 |
||
| 035 | _aEN-104391 | ||
| 037 | _aDABD/PUB | ||
| 082 | _a363.25 | ||
| 245 | _aHandbook of forensic services / | ||
| 260 |
_aNew Delhi _bRoutledge _c2013 |
||
| 270 |
_aManas Publications _bNew Delhi _e110002 |
||
| 300 |
_a140p.: _c23cm(Hb) |
||
| 500 | _aIncludes index | ||
| 942 |
_2ddc _cEN _h363.25 _mHAN |
||
| 999 |
_c146475 _d146475 |
||